000 00496nam a2200169 4500
001 7915
005 20241107141131.0
008 241107b |||||||| |||| 00| 0 eng d
020 _a9780307456298
090 0 0 _a895.1
100 0 0 _aMayer, Jane.
245 0 0 _aThe dark side :
_bthe inside story of how the war on terror turned into a war on American ideals /
260 0 0 _aNew York ;
_bAnchor Books,
_c2009.
300 0 0 _a391 p.
_bill. ;
_c26 cm.
650 0 0 _aBhutan --Fiction.
942 _2ddc
_cFIC
999 _c10076
_d10077